Statistics for 2017 Boston Red Sox Roster

Click here to take the quiz!

General Stats

  • This quiz has been taken 137 times
    (133 since last reset)
  • The average score is 15 of 34

Answer Stats

Number Player % Correct
50Mookie Betts
97%
41Chris Sale
86%
19Jackie Bradley Jr.
83%
15Dustin Pedroia
82%
24David Price
79%
2Xander Bogaerts
77%
3Sandy Leon
72%
18Mitch Moreland
71%
22Rick Porcello
70%
16Andrew Benintendi
68%
46Craig Kimbrel
68%
12Brock Holt
63%
13Hanley Ramirez
62%
7Christian Vazquez
60%
52Eduardo Rodriguez
50%
56Joe Kelly
50%
31Drew Pomeranz
47%
68Matt Barnes
39%
35Steven Wright
33%
61Brian Johnson
26%
39Carson Smith
25%
30Chris Young
24%
67Brandon Workman
23%
47Tyler Thornburg
21%
73Tzu-Wei Lin
19%
59Sam Travis
17%
38Doug Fister
13%
76Hector Velazquez
12%
28Robbie Ross Jr.
10%
17Deven Marrero
9%
60Henry Owens
8%
32Josh Rutledge
6%
58Fernando Abad
5%
64Ben Taylor
3%

Score Distribution

Percentile by Number Answered

Percent of People with Each Score

Your Score History

You have not taken this quiz since the last reset